00745nam a2200217 a 4500001001000000003000900010005001700019007001000036008003900046040002200085082002900107100002800136245006600164250001200230260004100242300004400283504003300327600003500360651006100395651007100456000004203DO-SdBNP20211109094108.0000004203090720s2007 dr bc 001 0 spa d aBPMUSbspacBPMSU a923.287bB689b, 20072221 aBosch, Juan,d1909-200110aSimón Bolívar :bbiografía para escolares /cJuan Bosch a5a. ed. aSanto Domingo :bAlfa & Omega,c2007 a183 p. :bil., mapas , retrs. ;c21 cm. aBibliografía : p. 177-178.14aBolívar, Simón b1783-1830 4aVenezuela xHistoria yGuerra de independencia, 810-1823 4aAmérica del Sur xHistoria yGuerras de independencia, 1806-1830